000 00626cam a2200145 4500500
005 20260208002441.0
041 _afre
042 _adc
100 1 0 _aMasset, Claude
_eauthor
245 0 0 _aRichard Price, Voyages avec Tooy. Histoire, mémoire, imaginaire des Amériques noires, Trad. de l’anglais (États-Unis) par Catherine Bednarek. La Roque d’Anthéron, Vents d’ailleurs, 2010, 508 p., bibl., ill.
260 _c2011.
500 _a37
786 0 _nL'Homme | 198-199 | 2 | 2011-07-01 | p. 367y-437y | 0439-4216
856 4 1 _uhttps://shs.cairn.info/revue-l-homme-2011-2-page-367y?lang=fr&redirect-ssocas=7080
999 _c1646420
_d1646420